000 00535nam a22002177a 4500
999 _c6780
_d6780
001 6780
003 BD-JhCC
005 20180130101150.0
008 180130b xxu||||| |||| 00| 0 eng d
035 _a(BD-JhCC)6780
040 _aBD-JhCC
_dBD-JhCC
041 _aeng
082 _a741.5
_bSCH 1958
100 _aSchaefer, Fack
245 _aThe Pioneers /
_c Fack Schaefer
260 _aVictoria :
_bPenguin Books,
_c1958.
300 _a190 p. :
_c18 cm.
650 _aFrotier and pioneer life
942 _2ddc
_cBK